Anatomy of Progress (Record no. 224397)
[ view plain ]
| 000 -LEADER | |
|---|---|
| fixed length control field | 00482nam a22001817a 4500 |
| 005 - DATE AND TIME OF LATEST TRANSACTION | |
| control field | 20220803094001.0 |
| 008 - FIXED-LENGTH DATA ELEMENTS--GENERAL INFORMATION | |
| fixed length control field | 220803b ||||| |||| 00| 0 eng d |
| 040 ## - CATALOGING SOURCE | |
| Transcribing agency | AL |
| 041 ## - LANGUAGE CODE | |
| Language code of text/sound track or separate title | English |
| 082 ## - DEWEY DECIMAL CLASSIFICATION NUMBER | |
| Edition number | 23 |
| Classification number | 330.95404 |
| Item number | SREA |
| 100 ## - MAIN ENTRY--PERSONAL NAME | |
| Personal name | K Sreenivasan |
| 100 ## - MAIN ENTRY--PERSONAL NAME | |
| 9 (RLIN) | 54508 |
| 245 ## - TITLE STATEMENT | |
| Title | Anatomy of Progress |
| 300 ## - PHYSICAL DESCRIPTION | |
| Extent | 176 p. |
| Other physical details | PB |
| Dimensions | 22x14 cm. |
| 650 ## - SUBJECT ADDED ENTRY--TOPICAL TERM | |
| Topical term or geographic name entry element | sprit of Innovation |
| 9 (RLIN) | 54509 |
| 650 ## - SUBJECT ADDED ENTRY--TOPICAL TERM | |
| Topical term or geographic name entry element | The Burden of Tradition |
| 9 (RLIN) | 54510 |
| 700 ## - ADDED ENTRY--PERSONAL NAME | |
| Personal name | SREENIVASAN (K) |
| 9 (RLIN) | 54511 |
| 942 ## - ADDED ENTRY ELEMENTS (KOHA) | |
| Source of classification or shelving scheme | Dewey Decimal Classification |
| Koha item type | George Fernandes Collections |
No items available.